Solitario, mira hacia la ausencia: 1949-1952
Guardat en:
| Autor principal: | |
|---|---|
| Format: | Llibre |
| Idioma: | espanyol |
| Publicat: |
Madrid
Cultura Hispánica
1953
|
| Col·lecció: | Colección Poesía de España y América. La Encina y el Mar
|
| Matèries: | |
| Etiquetes: |
Afegir etiqueta
Sense etiquetes, Sigues el primer a etiquetar aquest registre!
|
MARC
| LEADER | 00000nam a2200000 a 4500 | ||
|---|---|---|---|
| 001 | UCX4430 | ||
| 003 | CL-VaPUC | ||
| 008 | 920513e19530000SP |||||||||||||||||spa|d | ||
| 082 | 0 | 4 | |a Ch861 |b ART |2 21 |
| 100 | 0 | |a Arteche, Miguel |e author |9 320602 | |
| 245 | 1 | 0 | |a Solitario, mira hacia la ausencia: 1949-1952 |
| 300 | |a 145 p | ||
| 942 | |c BK | ||
| 945 | |d 19920513 00:00:00 | ||
| 260 | |a Madrid |b Cultura Hispánica |c 1953 | ||
| 650 | 0 | |a Poesías chilenas |9 265280 | |
| 583 | |a last modification |c 19920513 00:00:00 |k Rodrigo Vera | ||
| 490 | 0 | |a Colección Poesía de España y América. La Encina y el Mar | |
| 999 | |c 224887 |d 224885 | ||
| 952 | |0 0 |1 0 |4 0 |6 CH_861_000000000000000_ART_1953 |7 0 |8 A |9 221911 |a BIBEDU |b BIBEDU |d 2019-11-15 |i 2907968 |o Ch861 ART 1953 |p 2907968 |r 2019-11-15 |w 2019-11-15 |y BK |k LIT | ||